000 00471cam a22001575a 4500
001 J100751
008 000000s1912 xxk 000 0 eng u
035 _a(Sirsi) u100751
110 _aAuctioneers' and Estate Agents' Institute of the United Kingdom
_93789
245 0 2 _aA national question. Agricultural reform or food-land the raw material. Ways and means.
260 _c1912
300 _a38p.
651 4 _aUnited Kingdom
_y
690 _aRural
_96268
942 _n0
999 _c99800
_d99800